Административное право Российской Федерации (Запись № 3317384)

Подробности
000 -МАРКЕР
контрольное поле 02623nam0a2200409 i 4500
001 - ИДЕНТИФИКАТОР ЗАПИСИ
контрольное поле RU\NLR\bibl\1932525
005 - ИДЕНТИФИКАТОР ВЕРСИИ
контрольное поле 20260406083745.0
010 ## - МЕЖДУНАРОДНЫЙ СТАНДАРТНЫЙ НОМЕР КНИГИ (ISBN)
Номер (ISBN) 9785991620406
Тираж 1500
021 ## - НОМЕР ГОСУДАРСТВЕННОЙ РЕГИСТРАЦИИ
Код страны Российская Федерация
Номер 2012-53452
Номер Листа государственной регистраци 3899
035 ## - ДРУГИЕ СИСТЕМНЫЕ НОМЕРА
Идентификатор записи (NLR Aleph) 001921871
100 ## - ДАННЫЕ ОБЩЕЙ ОБРАБОТКИ
Данные общей обработки 20120808d2012 u y0rusy50 ca
101 0# - ЯЗЫК РЕСУРСА
Язык текста, звукозаписи и т.д. русский
102 ## - СТРАНА ПУБЛИКАЦИИ ИЛИ ПРОИЗВОДСТВА
Страна публикации Российская Федерация
105 ## - ПОЛЕ КОДИРОВАННЫХ ДАННЫХ: ТЕКСТОВЫЕ МАТЕРИАЛЫ, МОНОГРАФИЧЕСКИЕ
Кодированные данные о монографическом текстовом документе y |||||||||
200 1# - ЗАГЛАВИЕ И СВЕДЕНИЯ ОБ ОТВЕТСТВЕННОСТИ
Основное заглавие Административное право Российской Федерации
Сведения, относящиеся к заглавию учебник для бакалавров
-- учебник для студентов высших учебных заведений, обучающихся по направлению подготовки 021100(030501) "Юриспруденция", [по специальностям 030505(023100) "Правоохранительная деятельность", 350600(030502) "Судебная экспертиза", 032700(050402) "Юриспруденция (учитель права)", 030500(521400) "Юриспруденция (бакалавр)"
-- базовый курс]
Первые сведения об ответственности Ю.И. Мигачев, Л.Л. Попов, С.В. Тихомиров
Последующие сведения об ответственности под ред. засл. деят. науки Рос. Федерации, д.ю.н., проф. Л.Л. Попова
205 ## - СВЕДЕНИЯ ОБ ИЗДАНИИ
Сведения об издании 3-е изд., перераб. и доп.
210 ## - ПУБЛИКАЦИЯ, РАСПРОСТРАНЕНИЕ И ДР.
Место издания, распространения и т.д. Москва
Имя издателя, распространителя и т. д. Юрайт
Дата издания, распространения и т.д. 2012
215 ## - ФИЗИЧЕСКАЯ ХАРАКТЕРИСТИКА
Специфическое обозначение материала и объем 447 с.
Размеры 21
225 1# - СЕРИЯ
Основное заглавие серии Учебно-методическое объединение рекомендует
225 1# - СЕРИЯ
Основное заглавие серии Учебник
225 1# - СЕРИЯ
Основное заглавие серии Бакалавр
300 ## - ОБЩИЕ ПРИМЕЧАНИЯ
Текст примечания На обороте тит.л. авт.: Мигачев Ю.И. д.ю.н., проф., Попов Л.Л. д.ю.н., проф., засл. деят. науки РФ, Тихомиров С.В. к.ю.н.
300 ## - ОБЩИЕ ПРИМЕЧАНИЯ
Текст примечания На обл. авт. не указаны
300 ## - ОБЩИЕ ПРИМЕЧАНИЯ
Текст примечания На обл. 3-е изд.
320 ## - ПРИМЕЧАНИЯ О НАЛИЧИИ В ДОКУМЕНТЕ БИБЛИОГРАФИИ / УКАЗАТЕЛЯ
Текст примечания Библиогр. в подстроч. примеч. и в тексте
606 1# - НАИМЕНОВАНИЕ ТЕМЫ КАК ПРЕДМЕТ
Наименование темы Административное право
Формальный подзаголовок Учебники для высших учебных заведений
Географический подзаголовок Российская Федерация
Системный номер авторитетной/нормативной записи 2077672
Идентификатор авторитетной/нормативной записи RU\NLR\auth\661253353
686 ## - ИНДЕКСЫ ДРУГИХ КЛАССИФИКАЦИЙ
Индекс Х621я73
700 #1 - ИМЯ ЛИЦА - ПЕРВИЧНАЯ ОТВЕТСТВЕННОСТЬ
Начальный элемент ввода Мигачев
Часть имени, кроме начального элемента ввода Ю. И.
Расширение инициалов личного имени Юрий Иванович
Код отношения Автор
701 #1 - ИМЯ ЛИЦА - АЛЬТЕРНАТИВНАЯ ОТВЕТСТВЕННОСТЬ
Код отношения Автор
Графика поля Кириллица
Материалы, к которым относится поле rus
Начальный элемент ввода Попов
Часть имени, кроме начального элемента ввода Л. Л.
Дополнения к именам, кроме дат д-р юрид. наук
Даты 1930-
Расширение инициалов личного имени Лев Леонидович
Системный номер авторитетной/нормативной записи 33919
Идентификатор авторитетной/нормативной записи RU\NLR\auth\7750985
701 #1 - ИМЯ ЛИЦА - АЛЬТЕРНАТИВНАЯ ОТВЕТСТВЕННОСТЬ
Начальный элемент ввода Тихомиров
Часть имени, кроме начального элемента ввода С. В.
Расширение инициалов личного имени Сергей Васильевич
Код отношения Автор
801 #0 - ИСТОЧНИК ЗАПИСИ
Страна Российская Федерация
Организация NLR
Дата составления 20120808
Правила каталогизации RCR
801 #1 - ИСТОЧНИК ЗАПИСИ
Страна Российская Федерация
Организация NLR
Дата составления 20120808
830 ## - ОБЩЕЕ ПРИМЕЧАНИЕ, СОСТАВЛЕННОЕ КАТАЛОГИЗАТОРОМ
Текст примечания авт. по кн.
942 ## - ДОПОЛНИТЕЛЬНЫЕ ЭЛЕМЕНТЫ ЗАПИСИ (АБИС)
Тип экземпляра АБИС Книга
980 ## - КОЛЛЕКЦИЯ
Название коллекции НБР

Нет доступных экземпляров.